Gaming Quiz

Random Gaming or Mario Quiz

Mario Series Game by Situation Quiz Stats

 Plays Quiz not verified by Sporcle

Score 0/28 Timer 17:00
0 Plays Today
Situation Game % Correct
You find out that Shadow Mario is Bowser Jr.Super Mario Sunshine
80.7%
You unlock R.O.B. to race with.Mario Kart DS
80.7%
You drive onto the last level, and you see all of the characters in the background.Mario Kart 64
75.4%
You find out that Dimentio is the real villain.Super Paper Mario
75.4%
You race random people from Asia and Europe.Mario Kart Wii
75.4%
You take a while, but you finally unlock the last level of World 9.New Super Mario Bros. Wii
71.9%
You reach Petey Piranha, boss of World 5.New Super Mario Bros.
71.9%
You reach the bottom of the Pit of 100 Trials and take on Bonetail.Paper Mario: The Thousand Year Door
70.2%
You fight Megahammer, controlled by Bowser Jr.Super Mario Galaxy 2
70.2%
You find the Silver stars in Bob-omb Battlefield.Super Mario 64 DS
70.2%
You climb to the top of the level, and you face off with a giant rock with arms and legs.Super Mario 64
66.7%
You find out that it is not the real Millennium Star.Mario Party 3
66.7%
You fight Kamella in the 'Ghost Ship.'Super Mario Galaxy
64.9%
You play as Daisy, finish story mode, and get the Bowser Teapot.Mario Party 4
61.4%
Situation Game % Correct
You let Bowser eat a mushroom which is a vacuum mushroomMario and Luigi: Bowser's Inside Story
61.4%
You plant the seeds, and climb to Cloudy Climb.Paper Mario
57.9%
You try to take a shortcut, but you get blasted by the Bowser statue on the road.Mario Kart: Double Dash!!
57.9%
You reach Frightmare where you take on Bowser.Mario Party 5
56.1%
You throw the game out the window because you made it to 99 on Bowser's Lovely Lift.Mario Party 7
56.1%
You've come to the end of the rainbow castle only to have a star taken by Bowser.Mario Party
54.4%
You use the Star Rod to defeat Bowser in space.Mario Party 8
52.6%
You catch the first golden mouse in the Study near Neville.Luigi's Mansion
50.9%
You jump onto the moon after clearing Endurance Alley.Mario Party 6
50.9%
You fight the Piranha Plant in Wiggler's Garden.Mario Party DS
49.1%
You grab a star and send metal Bowser flying.Mario Party 2
45.6%
You stop angry Wiggler from being a permanent roller coaster.Mario Super Sluggers
31.6%
You get the Jr. Mask and learn the Killer Ball Jr. tachnique.Mario Superstar Baseball
28.1%
You reach the fight with the Spideraticus before you take on the area boss.Wario World
14%

You're not logged in!

Compare scores with friends on all Sporcle quizzes.
OR
Log In

You Might Also Like...

Show Comments

Extras

Top Quizzes Today


Score Distribution

Your Account Isn't Verified!

In order to create a playlist on Sporcle, you need to verify the email address you used during registration. Go to your Sporcle Settings to finish the process.

Report this User

Report this user for behavior that violates our Community Guidelines.

Details: